The Geometry of Type: The Anatomy of 100 Essential Typefaces (Record no. 12895)

000 -LEADER
fixed length control field 00397 a2200157 4500
003 - CONTROL NUMBER IDENTIFIER
control field OSt
005 - DATE AND TIME OF LATEST TRANSACTION
control field 20240730190947.0
008 - FIXED-LENGTH DATA ELEMENTS--GENERAL INFORMATION
fixed length control field 240730b ||||| |||| 00| 0 eng d
020 ## - INTERNATIONAL STANDARD BOOK NUMBER
International Standard Book Number 978-0500292457
082 ## - DEWEY DECIMAL CLASSIFICATION NUMBER
Classification number 686.22 COL
100 ## - MAIN ENTRY--PERSONAL NAME
Personal name COLES STEPHEN
245 ## - TITLE STATEMENT
Title The Geometry of Type: The Anatomy of 100 Essential Typefaces
260 ## - PUBLICATION, DISTRIBUTION, ETC. (IMPRINT)
Name of publisher, distributor, etc THAMES HUDSON
Date of publication, distribution, etc 2016
300 ## - PHYSICAL DESCRIPTION
Extent 256p;
942 ## - ADDED ENTRY ELEMENTS (KOHA)
Source of classification or shelving scheme
Holdings
Withdrawn status Lost status Source of classification or shelving scheme Damaged status Koha normalized classification for sorting Not for loan Permanent location Current location Date acquired Source of acquisition Cost, normal purchase price Full call number Barcode Date last seen Cost, replacement price Price effective from Koha item type
        686_220000000000000_COL   BMS College of Architecture, Design and Planning BMS College of Architecture, Design and Planning 2024-07-30 1 1402.95 686.22 COL AR-UG4134 2024-07-30 1870.60 2024-07-30 B.Design
Copyright © 2025, The Librarian, Library and Information Centre, BMSCA D&P, Bengaluru. All Rights Reserved
web counter

Powered by Koha